Krása nesmírná : ruské lidové pohádky /
Uložené v:
| Hlavný autor: | |
|---|---|
| Médium: | Kniha |
| Jazyk: | Czech Russian |
| Vydané: |
Praha :
Lidové nakladatelství,
1989
|
| Vydanie: | 9. vyd. |
| Edícia: | Zvonky
|
| Témy: | |
| ISBN: |
(viaz.) |
| Fyzický popis: |
224 s. |
| Tagy: |
Pridať tag
Žiadne tagy, Buďte prvý kto otaguje tento záznam!
|
Titul je dostupný aj v ... 

MARC
| LEADER | 00000nam a2200000 a 4500 | ||
|---|---|---|---|
| 001 | 000280721 | ||
| 005 | 20061026173451.0 | ||
| 008 | 061026s1989 xr e 000 0 czeo | ||
| 020 | |a (viaz.) | ||
| 040 | |a SVKKK |b slo |c SVKKK |e AACR2 | ||
| 041 | 1 | |a cze |h rus | |
| 044 | |a xr |c CZ | ||
| 100 | 1 | |a Karnauchova, Irina Valer´janovna, |d 1901-1959 |4 aut | |
| 245 | 1 | 0 | |a Krása nesmírná : |b ruské lidové pohádky / |c vypráví I. Karnauchovová |
| 250 | |a 9. vyd. | ||
| 260 | |a Praha : |b Lidové nakladatelství, |c 1989 | ||
| 300 | |a 224 s. | ||
| 440 | 0 | |a Zvonky | |
| 655 | 7 | |a umelecká literatúra |2 SVKKKPH | |
| 998 | |a BK | ||
| 090 | |g SCKHL |k Sklad Pribinova 3. posch. |a V.145491 |j 790445 |i 2720973279 |s Povinný výt. | ||